Viajes de orden suprema, años de 1853, 1854 y 1855 /

Testimonio en que el escritor y político Guillermo Prieto (1818-1897) da cuenta de las impresiones del viaje y peregrinar al que lo obligó Antonio López de Santa-Anna en los años de 1853 a 1855, luego que fuera derrocado el gobierno de Mariano Arista en el que Prieto fungía como ministro de hacienda...

Descripció completa

Guardat en:
Dades bibliogràfiques
Autor principal: Prieto, Guillermo (autor)
Format: Llibre
Idioma:espanyol
Publicat: México : Bibliófilos Mexicanos, 1968, c1968
Col·lecció:(Bibliófilos Mexicanos ; 16)
Matèries:
Etiquetes: Afegir etiqueta
Sense etiquetes, Sigues el primer a etiquetar aquest registre!

MARC

LEADER 00000nam^a2200000^a^4500
001 000108530
005 20250521000000.0
009 20260310093650.349
037 |a Acervo ITESO - Biblioteca 
041 |a ESP 
082 |a 972. 045  |b PRI 
100 |a Prieto, Guillermo  |e (autor) 
245 1 0 |a Viajes de orden suprema, años de 1853, 1854 y 1855 /  |c G. Prieto ; pról. de Rafael Anaya Echávarri. 
264 4 |a México :  |b Bibliófilos Mexicanos,  |c 1968, c1968 
300 |a 421 p. 
336 |a texto  |b txt  |2 rdacontenido 
337 |a sin mediación  |b n  |2 rdamedio 
338 |a volumen  |b nc  |2 rdasoporte 
440 1 |a (Bibliófilos Mexicanos ;  |v 16) 
520 |a Testimonio en que el escritor y político Guillermo Prieto (1818-1897) da cuenta de las impresiones del viaje y peregrinar al que lo obligó Antonio López de Santa-Anna en los años de 1853 a 1855, luego que fuera derrocado el gobierno de Mariano Arista en el que Prieto fungía como ministro de hacienda y que el escritor manifestara varias veces su crítica a la dictadura de López de Santa-Anna. 
649 |a XX 
650 |a Libros de Viajes Mexicanos 
650 |a Literatura Mexicana -  |y Siglo XIX 
650 |a Literatura Costumbrista 
650 |a Viajes y Travesías 
650 |a Querétaro -  |x Descripción 
650 |a Querétaro en la Literatura 
650 |a Querétaro -  |x Historia -  |y Dictadura, 1853-1855 
650 |a Querétaro -  |x Historia -  |y Siglo XIX 
650 |a México -  |x Historia -  |y Dictadura, 1853-1855 
650 |a México -  |x Historia -  |y Siglo XIX 
910 |a Fondo Jesús Rodríguez 
920 |a Impresos - Libros 
930 |a Fondos Especiales 
905 |a 113 
901 |a 0500044556  |b IT2  |c ESP  |u 20250521 
902 |a https://opac.biblio.iteso.mx/vufind/Record/000108530